000 00521nam a2200181Ia 4500
008 240925s9999 xx 000 0 und d
020 _a71132953
082 _a629.832 DAZ
100 _aDazzo ,John J.; Houpis, Constantine H.
245 0 _aLinear Control System Analysis and Design: conventional and modern
250 _a4th
260 _aNew York:
_bMc Graw HIll
_c,1995.
300 _axxi,792p.
_bNA
_fOriginal
500 _aIncludes Index
600 _aElectronic Engineering
650 _aTechnology
942 _cBK
999 _c9106
_d9106